|
|
|
|
| LEADER |
00000nam0a2200000 4500 |
| 001 |
273342 |
| 005 |
20231101234624.0 |
| 035 |
|
|
|a (RuTPU)RU\TPU\book\296551
|
| 090 |
|
|
|a 273342
|
| 100 |
|
|
|a 20141024d1973 k y0rusy50 ca
|
| 101 |
0 |
|
|a rus
|
| 102 |
|
|
|a RU
|
| 105 |
|
|
|a y z 001zy
|
| 200 |
1 |
|
|a Синтез современного научного знания
|e [сборник статей]
|f Академия наук СССР (АН СССР), Научный совет по философским вопросам современного естествознания ; Академия наук СССР (АН СССР), Институт философии (ИФ) ; под ред. В. А. Амбарцумяна [и др.]
|
| 210 |
|
|
|a Москва
|c Наука
|d 1973
|
| 215 |
|
|
|a 640 с.
|
| 225 |
1 |
|
|a Диалектический материализм и современное естествознание
|
| 320 |
|
|
|a Библиогр. в примеч.
|
| 606 |
1 |
|
|a Научное знание
|2 stltpush
|3 (RuTPU)RU\TPU\subj\45121
|9 64383
|
| 606 |
1 |
|
|a Естествознание
|x Философские проблемы
|2 stltpush
|3 (RuTPU)RU\TPU\subj\39118
|9 59321
|
| 610 |
1 |
|
|a материалистическая диалектика
|
| 610 |
1 |
|
|a синтез
|
| 610 |
1 |
|
|a проблемы
|
| 610 |
1 |
|
|a техника
|
| 610 |
1 |
|
|a кибернетика
|
| 610 |
1 |
|
|a аксиоматика
|
| 610 |
1 |
|
|a формализация
|
| 610 |
1 |
|
|a атомистика
|
| 610 |
1 |
|
|a относительность
|
| 610 |
1 |
|
|a время
|
| 610 |
1 |
|
|a генетика
|
| 610 |
1 |
|
|a биология
|
| 686 |
|
|
|a Ю251
|v LBC/SL-A
|2 rubbk
|
| 686 |
|
|
|a Ю252:5
|v LBC/SL-A
|2 rubbk
|
| 702 |
|
1 |
|a Амбарцумян
|b В. А.
|4 340
|
| 702 |
|
1 |
|a Блохинцев
|b Д. И.
|4 340
|
| 702 |
|
1 |
|a Герасимов
|b Я. И.
|4 340
|
| 702 |
|
1 |
|a Глушков
|b В. М.
|4 340
|
| 702 |
|
1 |
|a Гнеденко
|b Б. В.
|4 340
|
| 702 |
|
1 |
|a Кедров
|b Б. М.
|c российский философ
|c химик
|f 1903-1985
|g Бонифатий Михайлович
|2 stltpush
|3 (RuTPU)RU\TPU\pers\15120
|9 5209
|
| 712 |
0 |
2 |
|a Академия наук СССР (АН СССР)
|b Научный совет по философским вопросам современного естествознания
|2 stltpush
|3 (RuTPU)RU\TPU\col\722
|
| 712 |
0 |
2 |
|a Академия наук СССР (АН СССР)
|b Институт философии (ИФ)
|2 stltpush
|3 (RuTPU)RU\TPU\col\11338
|
| 801 |
|
1 |
|a RU
|b 63413507
|c 20141024
|
| 801 |
|
2 |
|a RU
|b 63413507
|c 20150616
|g RCR
|
| 942 |
|
|
|c BK
|